Statistiques concernant Paroles- C'est pas bon- Abou Debeing

Cliquez ici pour prendre le quiz!

Statistiques générales

  • Ce quiz a été pris 35 fois
  • Le résultat moyen est 235 sur 462

Statistiques - réponses

Réponse% Correct
Ce
96%
ce
96%
bon
92%
pas
92%
Pas
92%
a
88%
Ma
88%
ma
88%
ces
85%
Je
85%
je
85%
la
85%
Stan-e
81%
c'est
77%
C'est
77%
on
77%
On
77%
ou
77%
Ou
77%
par
77%
que
77%
Que
77%
te
77%
ton
77%
va
77%
Le
73%
le
73%
Si
73%
si
73%
de
69%
est
69%
kitoko
69%
mexico
69%
Mon
69%
mon
69%
t'explique
69%
viens
69%
fuir
65%
mais
65%
Mais
65%
petite
65%
quitter
65%
Tu
65%
tu
65%
y
65%
cherie
62%
mari
62%
ne
62%
vas
62%
en
58%
En
58%
moi
58%
voler
58%
Voler
58%
dans
54%
j'ai
54%
tes
54%
t'es
54%
t'inquiète
54%
beaucoup
50%
chouchou
50%
d'amis
50%
dis
50%
et
50%
Et
50%
nom
50%
sais
50%
son
50%
tout
50%
Tout
50%
J'crois
46%
mes
46%
qu'il
46%
quiproquo
46%
vérité
46%
plutot
42%
aminata
38%
bonita
38%
cheries
38%
Como
38%
estas
38%
Ils
38%
sont
38%
bonjour
35%
des
35%
2.0
31%
drah
31%
font-ils
31%
gentleman
31%
les
31%
Les
31%
monica
31%
toi
31%
kim
27%
music
27%
sans
27%
Ça
23%
ca
23%
classico
23%
doivent
23%
gérer
23%
kardashian
23%
Kardashian
23%
Oh
23%
suis
23%
un
23%
vais
23%
dire
19%
negros
19%
pom
19%
Pour
19%
t'aime
19%
veux
19%
Comme
15%
comme
15%
Demande
15%
Elle
15%
elle
15%
fils
15%
jean
15%
jouer
15%
Même
15%
pablo
15%
pompiers
15%
sur
15%
taille
15%
t'as
15%
arbitre
12%
biff
12%
Eh
12%
faire
12%
nnebo
12%
Nous
12%
partir
12%
pinpon
12%
Pinpon
12%
Retoucher
12%
tassabas
12%
tous
12%
vu
12%
acolytes
8%
appelez
8%
balaise
8%
clés
8%
disques
8%
du
8%
ennemis
8%
jolie
8%
m'appelle
8%
mis
8%
miskin
8%
noir
8%
ont
8%
Parle
8%
peux
8%
photos
8%
regarder
8%
soir
8%
sort
8%
superman
8%
tabasser
8%
te-co
8%
t'offrir
8%
videurs
8%
alcooliques
4%
aussi
4%
cavani
4%
club
4%
donné
4%
dormir
4%
faux
4%
mettre
4%
quand
4%
Refusent
4%
reins
4%
rentrer
4%
samsonite
4%
solides
4%
triche
4%
Tromper
4%
tromper
4%
vendre
4%
youves
4%
9
0%
ara
0%
boule
0%
bouteille
0%
cavalière
0%
cavalli
0%
contours
0%
coucher
0%
deviens
0%
disco
0%
dos
0%
fair-play
0%
financier
0%
Jongle
0%
kryptonite
0%
Location
0%
medellin
0%
Pas bon
0%
pompom
0%
porterai
0%
rebeu
0%
regarde-nous
0%
renoi
0%
Sortir
0%
t'habillerai
0%
Tiriri
0%
tiriri
0%
tumtumtumtum
0%
Voler c
0%
yeah
0%

Distribution des résultats

Percentile par nombre de réponses

% des personnes avec chaque résultat

Votre développement - résultats

Vous n’avez pas pris ce quiz